Sevukakmet : ways of life on St. Lawrence Island /

Describes the life of the people of St. Lawrence Island, located off the coast of Alaska, noting the mingling of Western ways with Eskimo tradition.

Bibliographic Details
Main Author: Carius, Helen Slwooko
Format: Book
Language:English
Published: Anchorage, Alaska : Alaska Pacific University Press, 1979.
Series:Alaskana book series ; no. 36.
Subjects:

MARC

Tag First Indicator Second Indicator Subfields
LEADER 00000cam a2200000 a 4500
001 in00000071611
005 20151008062317.0
008 801112s1979 akua j 00010 engm
010 |a  79054715  
020 |a 0935094008 :  |c $28.00 
035 |a (OCoLC)06562539 
035 |9 AAJ9951AM 
040 |a DLC  |c DLC  |d m.c.  |d TXA  |d UtOrBLW 
043 |a n-us-ak 
049 |a [Curr Col] TXAM  |c [1672030] 
050 0 0 |a E99.E7  |b C288 
082 0 |a 979.8/4  |2 19 
100 1 |a Carius, Helen Slwooko. 
245 1 0 |a Sevukakmet :  |b ways of life on St. Lawrence Island /  |c by Helen Slwooko Carius ; with illustrations by the author. 
264 1 |a Anchorage, Alaska :  |b Alaska Pacific University Press,  |c 1979. 
300 |a xi, 46 pages :  |b illustrations ;  |c 24 cm. 
336 |a text  |b txt  |2 rdacontent 
337 |a unmediated  |b n  |2 rdamedia 
338 |a volume  |b nc  |2 rdacarrier 
490 1 |a Alaskana book series ;  |v no. 36 
520 |a Describes the life of the people of St. Lawrence Island, located off the coast of Alaska, noting the mingling of Western ways with Eskimo tradition. 
650 0 |a Eskimos  |z Alaska  |z Saint Lawrence Island  |x Juvenile literature. 
650 1 |a Eskimos  |z Alaska  |z St. Lawrence Island. 
651 0 |a Saint Lawrence Island (Alaska)  |x Social life and customs  |x Juvenile literature. 
651 1 |a St. Lawrence Island, Alaska  |x Social life and customs. 
830 0 |a Alaskana book series ;  |v no. 36. 
999 |a MARS 
999 f f |s 656129cc-69fc-30fa-9af4-cde467d8225d  |i 5d015ec4-42dd-3215-97e9-d19976467ae9  |t 0 
952 f f |p ric  |a Texas A&M University  |b Rellis Campus  |c Joint Library Facility  |d Remote Storage  |t 0  |e E99.E7 C288  |h Library of Congress classification  |i unmediated -- volume  |m A14806054119 
998 f f |a E99.E7 C288  |t 0  |l Remote Storage